| 000 | 004640000a22001810004500 | ||
|---|---|---|---|
| 020 | _a0-8499-0475-7 | ||
| 041 | 0 | _aENG | |
| 082 | 0 | 4 | _aG 253.5 O118p |
| 100 | 1 | _aOates, Wayne E. | |
| 245 | 1 | 0 | _aThe presence of God in pastoral counseling / Wayne E. Oates |
| 260 | _aWaco, TX., USA : Word | ||
| 300 | _a132 Pag | ||
| 001 | 6462 | ||
| 942 | _cBK | ||
| 999 |
_c36732 _d36732 |
||
| 336 |
_atexto _btxt _2rdacontent |
||
| 337 |
_2rdamedia _asin mediación _bn |
||
| 338 |
_2rdacarrier _avolumen _bnc |
||